[Event "21st Chicago Open"]
[Site "Wheeling USA"]
[Date "2012.05.28"]
[Round "9"]
[White "Homa, Seth"]
[Black "Coraretti, Benjamin"]
[Result "1-0"]
[WhiteTitle "FM"]
[WhiteElo "2303"]
[BlackElo "2066"]
[WhiteFideId "2031779"]
[BlackFideId "2024306"]
[EventDate "2012.05.24"]
[EventType "swiss"]

1. e4 e5 2. Nf3 Nc6 3. Bb5 Nf6 4. d3 Bc5 5. c3 Qe7 6. O-O O-O 7. h3 h6 8. a4 a6
9. Bc4 d6 10. Be3 Be6 11. Nbd2 Bxe3 12. fxe3 d5 13. exd5 Bxd5 14. Nh4 Rad8 15.
Nf5 Qe6 16. Qe2 Ne7 17. e4 Bxc4 18. Nxc4 Ng6 19. g3 Kh7 20. Rf3 Ng8 21. Raf1 Nh8
22. Kh2 f6 23. d4 g6 24. d5 Qe8 25. Nfe3 Kg7 26. a5 Nf7 27. h4 h5 28. g4 hxg4
29. Nxg4 c6 30. Nxf6 Nxf6 31. Rxf6 cxd5 32. exd5 Qe7 33. Qg4 Qxf6 34. Rxf6 Kxf6
35. Qe6+ Kg7 36. Nxe5 Nxe5 37. Qxe5+ Kh6 38. Qg5+ Kh7 39. Qe7+ Kh6 40. Kg3 Rde8
41. Qg5+ Kh7 42. d6 Rf5 43. Qd2 Rxa5 44. d7 Rd8 45. Qd6 1-0

[Event "21st Chicago Open"]
[Site "Wheeling USA"]
[Date "2012.05.28"]
[Round "9"]
[White "Williams, John M"]
[Black "Wu, Christopher"]
[Result "1/2-1/2"]
[WhiteElo "2111"]
[BlackElo "2204"]
[WhiteFideId "2046636"]
[BlackFideId "2040875"]
[EventDate "2012.05.24"]
[EventType "swiss"]

1. e4 c5 2. Nf3 d6 3. d4 cxd4 4. Nxd4 Nf6 5. Nc3 a6 6. Bg5 Nbd7 7. f4 Qc7 8. Qf3
b5 9. O-O-O Bb7 10. Bxf6 Nxf6 11. Bd3 e6 12. g4 Be7 13. h4 b4 14. Nce2 d5 15. e5
Nd7 16. g5 Nc5 17. h5 O-O-O 18. g6 hxg6 19. hxg6 f6 20. Nxe6 Nxe6 21. Qg4 Kb8
22. Qxe6 Rxh1 23. Rxh1 Bc8 24. Qf7 fxe5 25. Qxg7 e4 26. Bb5 axb5 27. Rh7 Bd6 28.
Qf6 Rf8 29. Rxc7 Rxf6 30. g7 Be6 31. Rd7 Bc5 32. Rd8+ Kc7 33. Re8 Rg6 34. Rxe6
Rxg7 35. c3 Re7 36. Nd4 Kd7 37. Rxe7+ Kxe7 38. Nc6+ Kd6 39. Nxb4 Be3+ 1/2-1/2